| 000 | 01552nkm a2200277za 4500 | ||
|---|---|---|---|
| 001 | 84537 | ||
| 003 | OSt | ||
| 005 | 20260421095850.0 | ||
| 007 | kh boc | ||
| 008 | 250410s19021933sp ||||| ||||||0| i|spa d | ||
| 040 |
_cM-RABA _aM-RABA _bspa |
||
| 100 |
_aGómez Rodríguez, Enrique _d(1867-1934) _9111179 |
||
| 245 | 1 |
_aZoila Rico y Rico Villademoros _b: Candanedo. Asturias _c/ Enrique Gómez Rodríguez _h[Material gráfico] |
|
| 260 |
_aE. Gómez _b: Plazuela de los Molinos, 6. Luarca _b: Glorieta de Bilbao, 5. Madrid _c[1902 – 1933] |
||
| 300 |
_a1 fotografía _b: papel albúmina _c; imagen 16,5 x 12,5 cm _c; soporte secundario 29 x 22,5 cm |
||
| 500 | _aImagen que muestra detalle de relieves en Cadanedo, Asturias | ||
| 500 | _aMontada sobre cartón ilustrado con motivos vegetales de estilo modernista, coloreados y con aplicaciones en dorado. | ||
| 500 | _aEn la parte inferior aparece el sello estampado en dorado del fotógrafo "Plazuela de los Molinos, 6. Luarca. Glorieta de Bilbao, 5. Madrid. E. Gómez" | ||
| 500 | _aAnotaciones manuscritas a tinta negra sobre el soporte secundario de cartón: "Zoila Rico y Rico. Villademoros" | ||
| 500 | _aFechas tomadas de los años de producción del fotógrafo. | ||
| 651 | 7 |
_aAsturias (Comunidad Autónoma) _2embne _974739 |
|
| 655 | 0 |
_aFotografías de monumentos _9111580 |
|
| 852 | _jFot-593 | ||
| 856 |
_3Fot-593 _uhttps://archivoybiblioteca.realacademiabellasartessanfernando.com/cgi-bin/koha/opac-retrieve-file.pl?id=57b537c79391a1c90de54b330d4a75b0 |
||
| 942 |
_2ddc _cFOTOGRAFÍA _n0 |
||
| 999 |
_c84537 _d84537 |
||